[Event "GMA-Open"]
[Site "Belgrade"]
[Date "1988.??.??"]
[Round "?"]
[White "Glek, Igor V"]
[Black "Nestorovic, Dejan"]
[Result "1-0"]
[WhiteElo "2500"]
[BlackElo "2370"]

1.d4 Nf6 2.c4 g6 3.Nc3 d5 4.cxd5 Nxd5 5.e4 Nxc3 6.bxc3 Bg7 7.Bc4 O-O 8.Ne2 Nc6
9.Bd3 e5 10.d5 Ne7 11.Qb3 c6 12.c4 cxd5 13.cxd5 Nxd5 14.Ba3 Ne7 15.Rd1 Bf6
16.O-O Qa5 17.Bb4 Qb6 18.Qa3 Re8 19.Nc3 Bg4 20.Ba5 Qe6 21.f3 Bh5 22.Bb5 Nc6
23.Rd6 Be7 24.Rxe6 Bxa3 25.Rxe8+ Rxe8 26.Bxc6 bxc6 27.g4  1-0

[Event "GMA-Open"]
[Site "Belgrade"]
[Date "1988.??.??"]
[Round "?"]
[White "Bator, Robert"]
[Black "Huzman, Alexander"]
[Result "1-0"]
[WhiteElo "2370"]
[BlackElo "2465"]

1.d4 Nf6 2.c4 g6 3.Nc3 d5 4.cxd5 Nxd5 5.e4 Nxc3 6.bxc3 Bg7 7.Bc4 c5 8.Ne2 Nc6
9.Be3 O-O 10.O-O Bg4 11.f3 Na5 12.Bd3 cxd4 13.cxd4 Be6 14.Rc1 Bxa2 15.Qa4 Be6
16.d5 Bd7 17.Qa3 b6 18.f4 e6 19.d6 Rc8 20.Ba6 Rc6 21.Nd4 Rxc1 22.Rxc1 Qa8
23.Qd3 Nc6 24.Nxc6 Bxc6 25.e5 Rd8 26.Qc2 Be4 27.Qc7 Bxg2 28.Qxd8+ Qxd8 29.Rc8 Qxc8
30.Bxc8 Bc6 31.d7 Bxd7 32.Bxd7 h6 33.Kf2 g5 34.Kf3 gxf4 35.Bxf4 Kh7 36.Bb5 Kg6
37.Kg4 a5 38.Bd3+ f5+ 39.exf6 Kxf6 40.Bc7 a4 41.Bxb6 a3 42.Bc4 Bf8 43.Bd4+ e5
44.Bf2 Kg6 45.Bd3+ Kf6 46.Bh4+ Kg7 47.Bb1 Bd6 48.h3 e4 49.Bf2 Be7 50.Kf5 h5
51.Bd4+ Kf8 52.Bxe4 h4 53.Ke6 Bd8 54.Bc5+ Kg7 55.Bxa3 Ba5 56.Bb2+ Kf8 57.Kf5 Bd2
58.Kf6 Bb4 59.Bd5 Bc5 60.Bc3 Be7+ 61.Ke6 Bd8 62.Kd7 Bg5 63.Bb4+ Kg7 64.Ke8 Kg6
65.Bc3 Bf6 66.Bb4 Kg7 67.Be4 Bd4 68.Be7 Bf2 69.Bg5 Be1 70.Bc2 Bf2 71.Bd2 Kf6
72.Bc3+ Ke6 73.Bb3+ Kd6 74.Bb4+ Ke5 75.Ke7 Bg3 76.Bc3+ Kf5 77.Bc2+ Kg5 78.Kf7 Kf4
79.Kf6 Bf2 80.Bf5 Bb6 81.Bd2+ Kf3 82.Kg5 Ke2 83.Bc1  1-0

[Event "GMA-Open"]
[Site "Belgrade"]
[Date "1988.??.??"]
[Round "?"]
[White "Naumkin, Igor"]
[Black "Ftacnik, Lubomir"]
[Result "1-0"]
[WhiteElo "2440"]
[BlackElo "2590"]

1.d4 Nf6 2.c4 g6 3.Nc3 d5 4.cxd5 Nxd5 5.e4 Nxc3 6.bxc3 Bg7 7.Bc4 c5 8.Ne2 O-O
9.O-O Nc6 10.Be3 Bg4 11.f3 Bd7 12.Rc1 Rc8 13.d5 Na5 14.Bd3 e5 15.f4 exf4
16.Bxf4 Qe7 17.Qd2 b5 18.Qe3 Be5 19.Qg3 f6 20.Rf3 Nb7 21.Rcf1 Nd6 22.h3 Nf7
23.Qf2 a5 24.Bc2 Kg7 25.Kh1 b4 26.cxb4 axb4 27.a3 Bb5 28.axb4 cxb4 29.Bd3 Bxd3
30.Rxd3 Rc2 31.Qe3 Nd6 32.Bh6+ Kg8 33.Bxf8 Kxf8 34.Nd4 Rc4 35.Re1 Bxd4 36.Rxd4 Nf5
37.Rxc4 Nxe3 38.Rxe3 Qa7 39.Re1 b3 40.d6 Qa5 41.Rd1 b2 42.Rc8+ Kg7 43.d7  1-0

[Event "GMA-Open"]
[Site "Belgrade"]
[Date "1988.??.??"]
[Round "?"]
[White "Despotovic, Momcilo"]
[Black "Simic, Radoslav"]
[Result "1/2-1/2"]
[WhiteElo "2355"]
[BlackElo "2485"]

1.d4 Nf6 2.c4 g6 3.Nc3 d5 4.cxd5 Nxd5 5.e4 Nxc3 6.bxc3 Bg7 7.Bc4 c5 8.Ne2 Nc6
9.Be3 O-O 10.O-O b6 11.Qd2 Bb7 12.Rac1 Qd7 13.Rfd1 Rfd8 14.dxc5 Qxd2 15.Rxd2 Rxd2
16.Bxd2 bxc5 17.Be3 e6 18.Rb1 Na5 19.Bd3 Rd8 20.Bc2 Ba6 21.Rd1 Rxd1+ 22.Bxd1 Nc4
23.Bc1 Nd6 24.f3 Bxe2 25.Bxe2 Bxc3 26.Bf4 e5 27.Bg5 Kf8 28.Bd8 f5 29.Bc7 Ne8
30.Bb8 a5 31.exf5 gxf5 32.Bd3 Bd4+ 33.Kf1 Ng7 34.a4 Ke7 35.Ke2 Kd7 36.Bb5+ Kc8
37.Bd6 Ne6 38.g3 e4 39.g4 exf3+  1/2-1/2

[Event "GMA-Open"]
[Site "Belgrade"]
[Date "1988.??.??"]
[Round "?"]
[White "Piskov, Yury"]
[Black "Groszpeter, Attila"]
[Result "0-1"]
[WhiteElo "2415"]
[BlackElo "2510"]

1.d4 Nf6 2.c4 g6 3.Nc3 d5 4.cxd5 Nxd5 5.e4 Nxc3 6.bxc3 Bg7 7.Bc4 c5 8.Ne2 Nc6
9.Be3 O-O 10.O-O Qc7 11.Rc1 Rd8 12.Bf4 Qd7 13.d5 Na5 14.Bd3 e5 15.Bg3 c4
16.Bc2 Qe7 17.Qe1 b5 18.Kh1 Rf8 19.f4 f6 20.h3 Nb7 21.Ng1 Bd7 22.Rd1 Nd6
23.fxe5 fxe5 24.Nf3 g5 25.Qe3 g4 26.hxg4 Bxg4 27.Rf2 Bxf3 28.gxf3 Kh8 29.Rh2 Bf6
30.f4 Rg8 31.Rdd2 Rg7 32.Rh3 Rag8 33.Rdh2 Nf7 34.Rh5 exf4 35.e5 Nxe5 36.Bxh7 Rxg3
37.Bxg8+ Kxg8 38.Qxf4 Rg6 39.Qe4 Qc5 40.Rg2 Rxg2 41.Kxg2 Qe7 42.Rh3 Nf7 43.Qg6+ Bg7
44.Rg3 Nd6 45.a3 Qe4+ 46.Kf1 Nf5 47.Rg5 Ne3+ 48.Kf2 Qxg6 49.Rxg6 Nxd5 50.a4 bxa4
51.Ra6 Bxc3 52.Rxa4 Bb4 53.Ra6 c3 54.Rc6 Kf7 55.Ke2 a5 56.Kd3 Ne7 57.Rb6 Ke8
58.Rb7 Kd8 59.Ra7 Nc6 60.Rh7 Ne7 61.Rh6 Kc7 62.Kc2 Nc6 63.Rh4 Kd6 64.Kb3 Kd5
65.Rh5+ Ne5 66.Rh1 Nf3 67.Rh5+ Ke4 68.Rh1 Nd4+ 69.Kc4 Nf5 70.Kb3 Ne3 71.Rh8 c2
72.Rc8 Kd3 73.Rd8+  0-1

[Event "GMA-Open"]
[Site "Belgrade"]
[Date "1988.??.??"]
[Round "?"]
[White "Shneider, Aleksandr"]
[Black "Baquero, Luis A"]
[Result "1-0"]
[WhiteElo "2465"]
[BlackElo "2345"]

1.d4 Nf6 2.c4 g6 3.Nc3 d5 4.cxd5 Nxd5 5.e4 Nxc3 6.bxc3 Bg7 7.Bc4 c5 8.Ne2 O-O
9.O-O Nc6 10.Be3 Qc7 11.Rc1 Rd8 12.Bf4 Qd7 13.d5 Na5 14.Bd3 b5 15.Rb1 a6
16.Qc1 f5 17.f3 e5 18.Be3 c4 19.Bc2 Qd6 20.f4 Rf8 21.Qd2  1-0

[Event "Berlin op"]
[Site "Berlin-West"]
[Date "1988.??.??"]
[Round "3"]
[White "Maksimovic, Suzana"]
[Black "Lehmann, Heinz Dr"]
[Result "1-0"]
[WhiteElo "2245"]
[BlackElo "2285"]

1.d4 Nf6 2.c4 g6 3.Nc3 d5 4.cxd5 Nxd5 5.e4 Nxc3 6.bxc3 Bg7 7.Bc4 O-O 8.Be3 Nc6
9.Ne2 Na5 10.Bd3 b6 11.O-O Bb7 12.Qd2 Qd7 13.Bh6 c5 14.Bxg7 Kxg7 15.Qg5 Nc6
16.Rad1 f6 17.Qe3 cxd4 18.cxd4 Nb4 19.Bb1 Ba6 20.Rfe1 Rfc8 21.Nf4 g5 22.Nh5+ Kh8
23.e5 Nc2 24.Bxc2 Rxc2 25.exf6 exf6 26.d5 Qf7 27.d6 Qxh5 28.d7  1-0

[Event "Berlin op"]
[Site "Berlin-West"]
[Date "1988.??.??"]
[Round "4"]
[White "Ivanov, Jordan"]
[Black "Timmer, Robert"]
[Result "1/2-1/2"]
[WhiteElo "2425"]
[BlackElo "2295"]

1.d4 Nf6 2.c4 g6 3.Nc3 d5 4.cxd5 Nxd5 5.e4 Nxc3 6.bxc3 Bg7 7.Bc4 c5 8.Ne2 O-O
9.O-O Nc6 10.Be3 Bg4 11.f3 Na5 12.Bd3 cxd4 13.cxd4 Be6 14.Rc1 Bxa2 15.Qa4 Be6
16.d5 Bd7 17.Qb4 e6 18.Nc3 exd5 19.exd5 Be5 20.f4 Bc7 21.Kh1 Bb6 22.Bd2 f5
23.Bb1 Be8 24.Ba2 Bf7 25.Rfd1 Re8 26.Nb5 Re2 27.Nd6 Qf8 28.Qa3 Rxd2 29.Rxd2 Rd8
30.Nc4 Qxa3 31.Nxa3 Be3 32.Rdc2 Bxc1 33.Rxc1 a6 34.Kg1 b5 35.Rc5 Kf8 36.Nc2 Nb7
37.Rc7 Bxd5 38.Bxd5 Rxd5 39.Nb4 Rd1+ 40.Kf2 Nd6 41.Nxa6 Rd2+ 42.Kf3 Ne4 43.Rxh7 Rf2+
44.Ke3 Rxg2 45.Nc7 b4 46.Ne6+ Kg8 47.Rb7  1/2-1/2

[Event "Berlin op"]
[Site "Berlin-West"]
[Date "1988.??.??"]
[Round "4"]
[White "Vaisser, Anatoli"]
[Black "Roski, Ferdinand"]
[Result "1-0"]
[WhiteElo "2530"]
[BlackElo "2045"]

1.d4 Nf6 2.c4 g6 3.Nc3 d5 4.cxd5 Nxd5 5.e4 Nxc3 6.bxc3 Bg7 7.Nf3 O-O 8.Be2 c5
9.Rb1 Nc6 10.d5 Bxc3+ 11.Bd2 Bxd2+ 12.Qxd2 Nd4 13.Nxd4 cxd4 14.Qxd4 Qa5+
15.Qd2 Qxd2+ 16.Kxd2 Rd8 17.Ke3 b6 18.Rbc1 e6 19.Bc4 Bd7 20.Rhd1 Ba4 21.Rd2 exd5
22.Bxd5 Rac8 23.Bb7 Rxc1 24.Rxd8+ Kg7 25.Bd5 Rc7 26.Ra8 Bd7 27.Kd4 Kf6 28.f4 Ke7
29.Ke5 Bc8 30.g3 h6 31.h4 h5 32.Bb3 Rc5+ 33.Kd4 Rc7 34.Bd5 Kf6 35.a3 Ke7
36.Ke5 Bd7 37.Kd4 Bc8 38.Bc4 Rd7+ 39.Ke3 Rc7 40.Bd3 Ke6 41.Be2 Bd7 42.Kd4 Ke7
43.f5 gxf5 44.exf5 Bxf5 45.Bxh5 Bc8 46.Be2 Kf6 47.g4 Ke6 48.h5 Kf6 49.h6 Kg6
50.g5 Kxg5 51.h7 Rd7+ 52.Kc3  1-0

[Event "Berlin op"]
[Site "Berlin-West"]
[Date "1988.??.??"]
[Round "6"]
[White "Semkov, Semko"]
[Black "Roski, Ferdinand"]
[Result "1-0"]
[WhiteElo "2445"]
[BlackElo "2045"]

1.d4 Nf6 2.c4 g6 3.Nc3 d5 4.cxd5 Nxd5 5.e4 Nxc3 6.bxc3 Bg7 7.Qa4+ c6 8.Nf3 O-O
9.Be2 c5 10.Be3 cxd4 11.cxd4 b6 12.Rc1 Bb7 13.d5 f5 14.Ng5 Qd6 15.Ne6 Nd7
16.Rc7 Bc8 17.Rc6 Qb8 18.Nxg7 Kxg7 19.Qd4+ Kg8 20.d6 e6 21.Rc7 b5  1-0

[Event "Berlin op"]
[Site "Berlin-West"]
[Date "1988.??.??"]
[Round "7"]
[White "Michaelsen, Nils"]
[Black "Stohl, Igor"]
[Result "1/2-1/2"]
[WhiteElo "2380"]
[BlackElo "2445"]

1.d4 Nf6 2.c4 g6 3.Nc3 d5 4.cxd5 Nxd5 5.e4 Nxc3 6.bxc3 Bg7 7.Bc4 O-O 8.Ne2 Nc6
9.O-O b6 10.Be3 Bb7 11.Rc1 Qd6 12.Qd2 e6 13.h4 Rfd8 14.Rfd1 Qa3 15.Bh6 Qe7
16.Qe3 Na5 17.Bd3 Bxh6 18.Qxh6 e5 19.Qg5 f6  1/2-1/2

[Event "Bern"]
[Site "Bern"]
[Date "1988.??.??"]
[Round "?"]
[White "Adler, Joel"]
[Black "Gobet, Fernand"]
[Result "0-1"]
[WhiteElo "2290"]
[BlackElo "2350"]

1.d4 Nf6 2.c4 g6 3.Nc3 d5 4.cxd5 Nxd5 5.e4 Nxc3 6.bxc3 Bg7 7.Bc4 O-O 8.Ne2 c5
9.O-O Nc6 10.Be3 Qc7 11.Rc1 Rd8 12.Qd2 a6 13.Bh6 Bh8 14.Qe3 b5 15.Bd5 e6
16.Bxc6 Qxc6 17.Nf4 Bb7 18.d5 Qd6 19.dxe6 fxe6 20.h4 Qe5 21.Rfe1 Bf6 22.Nd3 Qxe4
23.Qxe4 Bxe4 24.Nxc5 Bd5 25.Nxe6 Rdc8 26.Bg5 Bxc3 27.Re3 b4 28.Rc2 a5 29.Nf4 Bf7
30.Ne2 Bg7 31.Rd2 a4 32.Nd4 Rc1+ 33.Kh2 b3 34.Nxb3 axb3 35.axb3 Rc7 36.Red3 h6
37.Bf4 Rb7 38.Rd7 Rxd7 39.Rxd7 Bxb3 40.f3 Bf7 41.Kg3 h5 42.Rb7 Bd5 43.Rd7 Be6
44.Rb7 Rd8 45.Re7 Bf5 46.Ra7 Bc3 47.Bg5 Be5+ 48.Bf4 Bf6 49.Ra6 Bc3 50.Kh2 Kf7
51.Rc6 Rc8 52.Ra6 Rc4 53.Bg3 Bf6 54.Ra7+ Ke8 55.Ra8+ Kd7  0-1

[Event "Bern"]
[Site "Bern"]
[Date "1988.??.??"]
[Round "?"]
[White "Zueger, Beat"]
[Black "Gobet, Fernand"]
[Result "0-1"]
[WhiteElo "2470"]
[BlackElo "2350"]

1.d4 Nf6 2.c4 g6 3.Nc3 d5 4.cxd5 Nxd5 5.e4 Nxc3 6.bxc3 Bg7 7.Bc4 O-O 8.Ne2 c5
9.O-O Nc6 10.Be3 Qc7 11.Rb1 Rd8 12.Bf4 Be5 13.Bxe5 Nxe5 14.Bb3 b5 15.Qc1 Ng4
16.e5 Bf5 17.Rb2 cxd4 18.cxd4 Qxc1 19.Rxc1 Bd3 20.h3 Nh6 21.d5 a5 22.Nf4 a4
23.Nxd3 axb3 24.Nb4 bxa2 25.Ra1 Nf5 26.Rbxa2 Rac8 27.Rd2 Kg7 28.Rad1 Rd7
29.Nc6 e6 30.Nd4 Nxd4 31.Rxd4 Rxd5 32.Rxd5 exd5 33.Rxd5 Rb8 34.Rd3 b4 35.Rb3 Kf8
36.f4 Ke7 37.Kf2 Ke6 38.Ke3 Kd5 39.Kd3 h5 40.h4 Rb7 41.g3 Rb6 42.Kc2 Ke4
43.Kd2 Rb7 44.Re3+ Kf5 45.Rb3 Kg4 46.Ke3 Kxg3 47.Ke4+ Kxh4 48.Kf3 Rc7 49.Rxb4 Rc3+
50.Ke4 Kg4 51.e6 fxe6 52.Ke5 Rc5+ 53.Kf6 Rf5+ 54.Kxg6 Rxf4 55.Rb5 h4 56.Re5 h3
57.Rxe6 h2 58.Re1 Kh3 59.Kg5 Rg4+ 60.Kf5 Rg1  0-1

[Event "Biel"]
[Site "Biel"]
[Date "1988.??.??"]
[Round "?"]
[White "Zueger, Beat"]
[Black "Tukmakov, Vladimir B"]
[Result "1/2-1/2"]
[WhiteElo "2445"]
[BlackElo "2590"]

1.d4 Nf6 2.c4 g6 3.Nc3 d5 4.cxd5 Nxd5 5.e4 Nxc3 6.bxc3 Bg7 7.Bc4 O-O 8.Ne2 b6
9.O-O Bb7 10.Qc2 Nc6 11.Ba3 Na5 12.Bd3 c5 13.dxc5 Qc7 14.cxb6 axb6 15.Bb4 Rfc8
16.Bxa5 Rxa5 17.Rab1 Ba6 18.Bxa6 Rxa6 19.Rfd1 Qc4 20.Rb2 b5 21.Rd2 Ra3 22.Rb4 Qxb4
23.cxb4 Rxc2 24.Rxc2 Ra4 25.f3 Rxb4 26.Rc8+ Bf8 27.Kf2 Rb2 28.Ra8 e5 29.Ke3 Kg7
30.Kd3 Be7 31.g3 b4 32.Ra7 Bf8 33.f4 b3 34.axb3 Rxb3+ 35.Kc4 Rb2 36.Kd3 exf4
37.gxf4 Rb3+ 38.Kc4 Rh3 39.e5 Rxh2 40.Nd4 Kg8 41.e6 fxe6 42.Nxe6 Rh5 43.Ra8 Rf5
44.Kd4 h5 45.Ke4 Rf7 46.Rc8 Rf6 47.Ke5 Rf5+ 48.Ke4  1/2-1/2

[Event "Biel"]
[Site "Biel"]
[Date "1988.??.??"]
[Round "?"]
[White "Nogueiras, Jesus"]
[Black "Romanishin, Oleg M"]
[Result "1/2-1/2"]
[WhiteElo "2550"]
[BlackElo "2550"]

1.d4 Nf6 2.c4 g6 3.Nc3 d5 4.cxd5 Nxd5 5.e4 Nxc3 6.bxc3 Bg7 7.Nf3 c5 8.Bb5+ Nc6
9.O-O cxd4 10.cxd4 O-O 11.Be3 Na5 12.Rc1 Bg4 13.Be2 Rc8 14.Qa4 b6 15.h3 Bxf3
16.Bxf3 Qe8 17.Qxe8 Rfxe8 18.Be2 e5 19.dxe5 Bxe5 20.Ba6 Rxc1 21.Rxc1 Kg7
22.Kf1 Re6 23.Ke2 Rc6 24.f4 Bb2 25.Rb1 Ba3 26.Bd4+ Kf8 27.Rd1 Ke7 28.g4 Rc2+
29.Rd2 Nc6 30.Bf2 Rxd2+ 31.Kxd2 f6 32.Bb5 Nd8 33.e5 Ne6 34.Bh4 g5 35.exf6+ Kxf6
36.fxg5+ Nxg5  1/2-1/2

[Event "Biel"]
[Site "Biel"]
[Date "1988.??.??"]
[Round "?"]
[White "Ftacnik, Lubomir"]
[Black "Gulko, Boris F"]
[Result "0-1"]
[WhiteElo "2590"]
[BlackElo "2590"]

1.d4 Nf6 2.c4 g6 3.Nc3 d5 4.cxd5 Nxd5 5.e4 Nxc3 6.bxc3 Bg7 7.Bc4 O-O 8.Ne2 Nc6
9.O-O b6 10.Bg5 Bb7 11.Qd2 Qd6 12.e5 Nxe5 13.Bb3 Nd7 14.Rad1 Rfe8 15.Qc1 Nf6
16.Bf4 Qc6 17.f3 Nd5 18.Bg3 b5 19.Rf2 Rad8 20.Qa3 Qb6 21.c4 bxc4 22.Bxc4 e5
23.Rff1 Bf8 24.Qa4 Bc6 25.Qb3 Qxb3 26.Bxb3 Bb5 27.Rfe1 Bxe2 28.Rxe2 Nc3 29.Rxe5 Rxe5
30.Bxe5 Nxd1 31.Bxd1 c5 32.Bf6 Rb8 33.Bb3 Bg7 34.Bxg7 Kxg7 35.dxc5 Rc8 36.f4 Rxc5
37.Kf2 f6 38.Ke3 g5 39.fxg5 fxg5 40.Ke4 Kf6 41.Kd4 Rf5 42.h3 Rf2 43.Bd5 Rd2+
44.Kc5 Ke5  0-1

[Event "Biel-B"]
[Site "Biel"]
[Date "1988.??.??"]
[Round "9"]
[White "Cramling, Pia"]
[Black "Gobet, Fernand"]
[Result "1-0"]
[WhiteElo "2425"]
[BlackElo "2405"]

1.d4 Nf6 2.c4 g6 3.Nc3 d5 4.cxd5 Nxd5 5.e4 Nxc3 6.bxc3 Bg7 7.Bc4 c5 8.Ne2 O-O
9.O-O Nc6 10.Be3 Qc7 11.Rc1 Rd8 12.Qd2 a6 13.Bh6 Bh8 14.Qe3 e6 15.Bg5 Re8
16.e5 b5 17.Bd3 Ne7 18.h4 Nd5 19.Qh3 Bb7 20.h5 c4 21.Bb1 a5 22.Ng3 b4 23.Ne4 Nxc3
24.Nxc3 bxc3 25.Rxc3 Bd5 26.Qh4 Qb7 27.Rg3 Rab8 28.Bf6 Bxf6 29.exf6 Kh8 30.Qf4 Qb4
31.hxg6 fxg6 32.f7  1-0

[Event "Biel-B"]
[Site "Biel"]
[Date "1988.??.??"]
[Round "11"]
[White "Bellon Lopez, Juan Manuel"]
[Black "Gobet, Fernand"]
[Result "1/2-1/2"]
[WhiteElo "2450"]
[BlackElo "2405"]

1.d4 Nf6 2.c4 g6 3.Nc3 d5 4.cxd5 Nxd5 5.e4 Nxc3 6.bxc3 Bg7 7.Bc4 c5 8.Ne2 O-O
9.O-O Nc6 10.Be3 Qc7 11.Rc1 Rd8 12.Qd2 Qa5 13.Rfd1 cxd4 14.cxd4 Qxd2 15.Rxd2 Bd7
16.d5 Na5 17.Bd3 b6 18.Nd4 Rac8 19.Rdc2 Rxc2 20.Rxc2 Rc8 21.Rxc8+ Bxc8 22.f4 Bxd4
23.Bxd4 f5 24.Kf2 fxe4 25.Bxe4 Nc4 26.Be5 Bb7 27.Bb8 a6 28.Bf3 b5 29.Ba7 Bc8
30.Bc5 Kf7 31.Ke2 Bf5 32.g4 Bb1 33.a3 Bc2 34.h4 Bb1 35.Bb4 h6 36.Bc5 Bc2
37.Bg2 Bb1 38.Bh3 Be4 39.g5 hxg5 40.Be6+ Ke8 41.fxg5 a5 42.Kf2 Kf8 43.Kg3 b4
44.axb4 axb4 45.Bxb4 Ne3 46.d6 exd6 47.Bxd6+ Kg7 48.Kf4 Bd5 49.Bh3 Ng2+ 50.Kg3 Ne3
51.Kf2 Nf5 52.Be5+ Kh7 53.h5 Be4 54.Bg4 gxh5 55.Bxh5 Ng7 56.Ke3 Bg6 57.Bf3 Bb1
58.Bf6 Nf5+ 59.Kf4 Kg6 60.Bc6 Nd6 61.Be7 Nf7 62.Be8  1/2-1/2

[Event "US op"]
[Site "Boston"]
[Date "1988.??.??"]
[Round "?"]
[White "Dlugy, Maxim"]
[Black "Nickoloff, Bryon"]
[Result "1/2-1/2"]
[WhiteElo "2545"]
[BlackElo "2390"]

1.d4 Nf6 2.c4 g6 3.Nc3 d5 4.cxd5 Nxd5 5.e4 Nxc3 6.bxc3 Bg7 7.Bc4 c5 8.Ne2 O-O
9.O-O Nc6 10.Be3 Bg4 11.f3 Na5 12.Bxf7+ Rxf7 13.fxg4 Rxf1+ 14.Kxf1 cxd4 15.cxd4 Qd7
16.g5 Qe6 17.Qd3 Qc4 18.Qxc4+ Nxc4 19.Bc1 b5 20.Rb1 Rb8 21.e5 a6 22.g4 Rc8
23.Kf2 Nb6 24.Rb2 Rc4 25.Kf3 Bf8 26.Ke4 e6 27.Kd3 Nd5 28.Bd2 Be7 29.Rc2 Bxg5
30.Rxc4 bxc4+ 31.Kc2 Bh4 32.Nf4 Kf7 33.Nxd5 exd5 34.Bb4 Bf2 35.Bc5 Be1  1/2-1/2

[Event "Budapest"]
[Site "Budapest"]
[Date "1988.??.??"]
[Round "?"]
[White "Zsinka, Laszlo"]
[Black "Mohr, Stefan"]
[Result "0-1"]
[WhiteElo "2430"]
[BlackElo "2400"]

1.d4 Nf6 2.c4 g6 3.Nc3 d5 4.cxd5 Nxd5 5.e4 Nxc3 6.bxc3 Bg7 7.Bc4 O-O 8.Ne2 Nc6
9.Be3 b6 10.O-O Bb7 11.Rc1 Qd6 12.Bd3 Rad8 13.Qa4 a6 14.Rfd1 e6 15.Bg5 Rc8
16.Be3 b5 17.Qb3 Na5 18.Qb4 Qxb4 19.cxb4 Nc6 20.a3 Rfd8 21.Bb1 Rd7 22.Rd2 a5
23.Bd3 Nxd4 24.Bxb5 Nxe2+ 25.Rxe2 c6 26.Bc4 axb4 27.axb4 Ra8 28.Ra2 Rxa2
29.Bxa2 Bb2 30.Rb1 Ba6 31.f3 Bc3 32.Rc1 Bxb4 33.Rxc6 Rd1+ 34.Kf2 Be1+  0-1

[Event "Budapest"]
[Site "Budapest"]
[Date "1988.??.??"]
[Round "?"]
[White "Danner, Georg"]
[Black "Zysk, Robert"]
[Result "1-0"]
[WhiteElo "2425"]
[BlackElo "2395"]

1.d4 Nf6 2.c4 g6 3.Nc3 d5 4.cxd5 Nxd5 5.e4 Nxc3 6.bxc3 Bg7 7.Bc4 O-O 8.Ne2 Nc6
9.Bg5 Na5 10.Bd3 c5 11.d5 f5 12.O-O b6 13.Rc1 fxe4 14.Bxe4 Qd6 15.Ng3 Bb7
16.Re1 Nc4 17.Qb3 Ne5 18.c4 Rae8 19.Re2 e6 20.Rd1 exd5 21.Bxd5+ Bxd5 22.Rxd5 Qc7
23.Ne4 Nc6 24.Qh3 Nd4 25.Re1 Qf7 26.f3 Ne6 27.Bd2 Nf4 28.Bxf4 Qxf4 29.Qg3 Qxg3
30.hxg3 Rd8 31.Nd6 Bd4+ 32.Kf1 Rd7 33.Re6 Rfd8 34.Ke2 Bg7 35.a4 Bf8 36.Ne4 Kg7
37.Nc3 Kf7 38.Rc6 Bg7 39.Rxd7+ Rxd7 40.Nd5 Bd4 41.g4 Ke8 42.Kd3 Rb7 43.Rc7 Rxc7
44.Nxc7+ Kd7 45.Nb5 Bf6 46.Nxa7 Kd6 47.Ke4 Ke6 48.f4 Kd6 49.g5 Bb2 50.Nc8+ Kc7
51.Ne7 Kb7 52.Nd5 Ka6 53.g4 Ka5 54.f5 Kxa4 55.f6 b5 56.f7 Bg7 57.Nc3+ Kb4
58.cxb5  1-0

[Event "ARG-ch"]
[Site "Buenos Aires"]
[Date "1988.??.??"]
[Round "?"]
[White "Schwanek, Carlos"]
[Black "Servat, Roberto"]
[Result "1-0"]
[WhiteElo "2315"]
[BlackElo "2285"]

1.d4 Nf6 2.c4 g6 3.Nc3 d5 4.cxd5 Nxd5 5.e4 Nxc3 6.bxc3 Bg7 7.Bc4 O-O 8.Ne2 Nc6
9.O-O b6 10.Bg5 Bb7 11.Rc1 Qd7 12.Qd2 e6 13.e5 Nxe5 14.Bb3 Nc4 15.Qd3 Na5
16.Qg3 Nxb3 17.axb3 h6 18.Bf4 Rac8 19.h4 Rfd8 20.Be3 Qb5 21.c4 Qf5 22.Rfd1 e5
23.f3 Rd7 24.Qf2 Rcd8 25.d5 Qf6 26.Ra1 a6 27.Rdc1 Qe7 28.h5 f5 29.f4 g5 30.fxe5 f4
31.Bd4 Bxe5 32.Re1 Bxd4 33.Nxd4 Qf7 34.Re6 Rd6 35.Rae1 Rxe6 36.Rxe6 Qxh5
37.Nf5 Bc8 38.Qd4  1-0

[Event "BUL-ch"]
[Site "BUL"]
[Date "1988.??.??"]
[Round "?"]
[White "Kolev, Atanas"]
[Black "Spiridonov, Nikola"]
[Result "1-0"]
[WhiteElo "2395"]
[BlackElo "2425"]

1.d4 Nf6 2.c4 g6 3.Nc3 d5 4.cxd5 Nxd5 5.e4 Nxc3 6.bxc3 Bg7 7.Bc4 c5 8.Ne2 Nc6
9.Be3 cxd4 10.cxd4 Qa5+ 11.Bd2 Qa3 12.Rb1 O-O 13.O-O Qd6 14.Bf4 Qd8 15.Bd5 Qa5
16.Qd3 e6 17.Bc4 e5 18.Bd2 Qd8 19.d5 Na5 20.Bb4 a6 21.Qc3 Nxc4 22.Bxf8 Bxf8
23.Qxc4 b5 24.Qc3 Bd6 25.Nc1 Bd7 26.Nd3 Rc8 27.Qb2 Qe7 28.Rfc1 Rxc1+ 29.Qxc1 b4
30.Qe3 Bb5 31.Rc1 Kg7 32.Nb2 h5 33.h3 h4 34.Kh1 g5 35.Qb6 f5 36.exf5 e4 37.Qd4+ Be5
38.Qxe4 Qf6 39.Nd3 Bc3 40.Nc5 Bd2 41.Ne6+ Kh6 42.Rd1 Bc3 43.d6 Bd7 44.f4 gxf4
45.Qxf4+ Kh7 46.Nc5 Bc6 47.d7 Be5 48.Qg4 Bc7 49.Ne6  1-0

[Event "BUL-ch"]
[Site "BUL"]
[Date "1988.??.??"]
[Round "?"]
[White "Semkov, Semko"]
[Black "Kolev, Atanas"]
[Result "1-0"]
[WhiteElo "2470"]
[BlackElo "2395"]

1.d4 Nf6 2.c4 g6 3.Nc3 d5 4.cxd5 Nxd5 5.e4 Nxc3 6.bxc3 Bg7 7.Qa4+ Qd7 8.Qa3 O-O
9.Nf3 b6 10.Be3 Qd6 11.Qb2 Ba6 12.Bxa6 Nxa6 13.Rd1 c5 14.Qe2 Nc7 15.O-O cxd4
16.cxd4 Rac8 17.d5 e6 18.dxe6 Qxe6 19.Bf4 Rfe8 20.Rfe1 Qc6 21.Rc1 Qb7 22.Bd6 Ne6
23.Qb5 Red8 24.e5 Bh6 25.Rxc8 Rxc8 26.h4 a6 27.Qb3 Qc6 28.a4 Qc4 29.Qxb6 Qxa4
30.Rb1 Qe4 31.Re1 Qc4 32.Ra1 Rc6 33.Qb8+ Kg7 34.Be7 Bf4 35.g3 Rc8 36.Qb7 Qc3
37.Bf6+ Kg8 38.Qxa6 Re8 39.Qa3 Bd2 40.Qxc3 Bxc3 41.Rc1 Bb2 42.Rc2 Ba1 43.Kg2 h6
44.Nd2 Nf8 45.f4 Rb8 46.Be7 Nh7 47.Kf3 Bd4 48.Bd6 Re8 49.Ke4 Ba7 50.Kd5 f6
51.Rc7 Bb6 52.Rb7 Bd8 53.Ne4 f5 54.Nc5 g5 55.Rb8 gxh4 56.gxh4 Kf7 57.h5  1-0

[Event "Copenhagen op"]
[Site "Copenhagen"]
[Date "1988.??.??"]
[Round "?"]
[White "Hvenekilde, Jorgen"]
[Black "Westerinen, Heikki MJ"]
[Result "1/2-1/2"]
[WhiteElo "2320"]
[BlackElo "2395"]

1.d4 Nf6 2.c4 g6 3.Nc3 d5 4.cxd5 Nxd5 5.e4 Nxc3 6.bxc3 Bg7 7.Ba3 O-O 8.Nf3 Bg4
9.Be2 Nd7 10.Qb3 c5 11.Rd1 Qb6 12.O-O Qxb3 13.axb3 Rac8 14.Rfe1 Rfd8 15.h3 Bxf3
16.Bxf3 b5 17.dxc5 Bxc3 18.Re3 b4 19.Red3 Nf8 20.Rxd8 Rxd8 21.Rxd8 bxa3 22.c6 a2
23.c7 a1=Q+ 24.Bd1 Ba5 25.Rxf8+ Kxf8 26.c8=Q+ Kg7 27.Qc2 Bb6 28.g3 h5 29.h4 Qd4
30.Qe2 Qc3 31.Kg2 e6 32.Qf3 Qe1 33.Be2 Qd2 34.Bc4 Qd4  1/2-1/2

[Event "CUB-ch"]
[Site "?"]
[Date "1988.??.??"]
[Round "?"]
[White "Pecorelli Garcia, Humberto"]
[Black "Vilela, Jose Luis"]
[Result "1-0"]
[WhiteElo "2310"]
[BlackElo "2410"]

1.d4 Nf6 2.c4 g6 3.Nc3 d5 4.cxd5 Nxd5 5.e4 Nxc3 6.bxc3 Bg7 7.Bc4 c5 8.Ne2 O-O
9.O-O Nc6 10.Be3 Bd7 11.Qd2 Qa5 12.Rab1 cxd4 13.cxd4 Qxd2 14.Bxd2 b6 15.Rfd1 Rfd8
16.Bc3 Rac8 17.Bb5 Nb8 18.a4 a6 19.Bxd7 Nxd7 20.Bb4 Rc4 21.Rdc1 Rdc8 22.Rxc4 Rxc4
23.a5 e5 24.axb6 Nxb6 25.Bd6 Nc8 26.dxe5 Rxe4 27.Rb8 Rc4 28.f4 Bf8 29.Ra8 Kg7
30.Bxf8+ Kxf8 31.Rxa6 Ne7 32.Kf2 Nd5 33.Kf3 Rb4 34.Ra3 Kg7 35.Rd3 Nb6 36.Ng3 Na4
37.Ne4 Rb8 38.Ra3 Nb6 39.Ra7 Nd5 40.Nd6 Rb3+ 41.Ke4 Nc3+ 42.Kd4 Nb5+ 43.Nxb5 Rxb5
44.e6 Rb4+ 45.Kd5 Rb5+ 46.Kc6 Rb2 47.e7  1-0

[Event "Dieren op"]
[Site "Dieren"]
[Date "1988.??.??"]
[Round "2"]
[White "Farago, Ivan"]
[Black "Peek, Marcel"]
[Result "1/2-1/2"]
[WhiteElo "2480"]
[BlackElo "2350"]

1.d4 Nf6 2.c4 g6 3.Nc3 d5 4.cxd5 Nxd5 5.e4 Nxc3 6.bxc3 Bg7 7.Bc4 O-O 8.Ne2 c5
9.O-O Nc6 10.Be3 cxd4 11.cxd4 b6 12.Rc1 Bb7 13.h4 Rc8 14.Qd2 Na5 15.Bd3 Qd7
16.h5 Rxc1 17.Rxc1 Rc8 18.h6 Rxc1+ 19.Qxc1 Bf8 20.f3 Nc6 21.Qc3 e6 22.Bb5 Qd6
23.a4 a6 24.Bc4 Na5 25.Ba2 Qb4 26.d5 exd5 27.Qf6 Qd6 28.Qxd6 Bxd6 29.Bxb6 Nc4
30.Bd4 Bf8 31.exd5 Nd6 32.Be5 Nf5 33.g4 Bc5+ 34.Kh2 Nxh6 35.Nc3 Kf8 36.Ne4 Be7
37.Kg3 f5 38.Nf6 Bxf6 39.Bxf6 fxg4 40.fxg4 Ke8 41.Kf4 Kd7 42.d6 Kxd6 43.Bg5 Nxg4
44.Kxg4 Bc8+ 45.Kf4 Be6 46.Bb1 Bf5 47.Ba2 Be6  1/2-1/2

[Event "Dieren op"]
[Site "Dieren"]
[Date "1988.??.??"]
[Round "6"]
[White "Pliester, Leon"]
[Black "Small, Vernon A"]
[Result "0-1"]
[WhiteElo "2385"]
[BlackElo "2340"]

1.d4 Nf6 2.c4 g6 3.Nc3 d5 4.cxd5 Nxd5 5.e4 Nxc3 6.bxc3 Bg7 7.Bc4 c5 8.Ne2 Nc6
9.Be3 O-O 10.O-O Bd7 11.Rc1 Na5 12.Bd3 b5 13.Qd2 Qc7 14.Bh6 Rad8 15.h4 e5
16.h5 a6 17.Bxg7 Kxg7 18.Qg5 f6 19.Qg3 Be6 20.d5 Bc8 21.f4 c4 22.Bc2 Qe7
23.Rf3 Nb7 24.Rcf1 g5 25.h6+ Kg8 26.fxg5 fxg5 27.Rf6 g4 28.Qh4 Rxf6 29.Rxf6 Kh8
30.Ng3 Nd6 31.Nh5 Rf8 32.Qg5 Rg8 33.Ng7 a5 34.Kh2 b4 35.Rg6 Qxg5 36.Rxg5 Nf7
37.Rh5 bxc3 38.Ne6 Rg6 39.Rf5 Rxh6+ 40.Kg3 Kg8 41.Kxg4 Rxe6 42.dxe6 Bxe6  0-1

[Event "Dieren op"]
[Site "Dieren"]
[Date "1988.??.??"]
[Round "6"]
[White "Krudde, Fitzgerald"]
[Black "De Greef, Heleen"]
[Result "1-0"]
[WhiteElo "2255"]
[BlackElo "2240"]

1.d4 Nf6 2.c4 g6 3.Nc3 d5 4.cxd5 Nxd5 5.e4 Nxc3 6.bxc3 Bg7 7.Bc4 c5 8.Ne2 O-O
9.O-O Nc6 10.Be3 Qa5 11.Rb1 cxd4 12.cxd4 Rd8 13.Qb3 e6 14.d5 exd5 15.Bxd5 Qc7
16.h4 Re8 17.Rfc1 Qd7 18.h5 Ne5 19.f3 Qe7 20.h6 Bh8 21.Nd4 a6 22.Qb6 Nd7
23.Qa5 Rf8 24.Bxb7 Bxb7 25.Rxb7 Qe5 26.Nc6  1-0

[Event "Dieren op"]
[Site "Dieren"]
[Date "1988.??.??"]
[Round "7"]
[White "Peek, Marcel"]
[Black "Timmer, Robert"]
[Result "1-0"]
[WhiteElo "2350"]
[BlackElo "2295"]

1.d4 Nf6 2.c4 g6 3.Nc3 d5 4.cxd5 Nxd5 5.e4 Nxc3 6.bxc3 Bg7 7.Nf3 c5 8.Rb1 O-O
9.Be2 cxd4 10.cxd4 Qa5+ 11.Bd2 Qxa2 12.O-O b6 13.Qc1 Qe6 14.Bc4 Qxe4 15.Re1 Qb7
16.Bb4 Be6 17.Rxe6 fxe6 18.Ng5 Kh8 19.Rb3 Rc8 20.Bc5 Nd7 21.Bxe6 h5 22.Qb1 Nf8
23.Nf7+ Kh7 24.Rh3 Bf6 25.Qc1 Nxe6 26.Qh6+ Kg8 27.Qxg6+ Kf8 28.Nh6 Qxg2+
29.Qxg2 Ng5 30.Rxh5 bxc5 31.h4 cxd4 32.hxg5 Rc1+ 33.Kh2 Be5+ 34.Kh3 Rc3+
35.Kh4 Rd8 36.Qe4 Bd6 37.Qg6  1-0